Statistics for All Terraria Blood Moon Enemies

Click here to take the quiz!

General Stats

  • This quiz has been taken 10 times
  • The average score is 8 of 12

Answer Stats

Enemies% Correct
Blood Zombie
100%
Drippler
100%
Clown
89%
Dreadnautilus
89%
Hemogoblin Shark
78%
The Bride
67%
The Groom
67%
Zombie Merman
67%
Blood Eel
56%
Wandering eye fish
56%
Chattering Teeth Bomb
44%
Blood Squid
33%

Score Distribution

Percentile by Number Answered

Percent of People with Each Score

Your Score History

You have not taken this quiz